Historia de Moxos y Chiquitos a fines del siglo XVIII
-д хадгалсан:
| Үндсэн зохиолч: | |
|---|---|
| Формат: | Ном |
| Хэл сонгох: | испани |
| Хэвлэсэн: |
La Paz
Instituto Boliviano de Cultura
1976
|
| Нөхцлүүд: | |
| Шошгууд: |
Шошго нэмэх
Шошго байхгүй, Энэхүү баримтыг шошголох эхний хүн болох!
|
MARC
| LEADER | 00000nam a2200000 a 4500 | ||
|---|---|---|---|
| 001 | UCO3207 | ||
| 003 | CL-VaPUC | ||
| 008 | 000714e19760000BO |||||||||||||||||spa|d | ||
| 082 | 0 | 4 | |a 984 |b PAR |2 21 |
| 100 | |a Parejas Moreno, Alcides |e autor |9 554813 | ||
| 245 | 1 | 0 | |a Historia de Moxos y Chiquitos a fines del siglo XVIII |
| 300 | |a 157 p | ||
| 942 | |c BK | ||
| 945 | |d 20000714 00:00:00 |a rherrera | ||
| 260 | |a La Paz |b Instituto Boliviano de Cultura |c 1976 | ||
| 650 | 7 | |a HISTORIA DE BOLIVIA SIGLO 18 |2 CL-VaPUC |9 447158 | |
| 650 | 0 | |a Pueblos de América |9 446252 | |
| 650 | 0 | |a Indios de América del Sur |9 255272 | |
| 650 | 7 | |a MOXOS |2 CL-VaPUC |9 447159 | |
| 650 | 7 | |a CHIQUITOS |2 CL-VaPUC |9 265979 | |
| 651 | 0 | |a Bolivia |9 255454 | |
| 583 | |a last modification |c 20160826 12:42:49 |k Rodrigo Vera | ||
| 999 | |c 289677 |d 289675 | ||
| 952 | |0 0 |1 0 |4 0 |6 984_000000000000000_PAR_1976 |7 0 |8 A |9 338260 |a BIBHIS |b BIBHIS |d 2019-11-20 |i 1298445 |o 984 PAR 1976 |p 1298445 |r 2025-01-20 |w 2019-11-20 |y BK |k HIS | ||